PRINCIPLES OF ORGANIC SYNTHESIS (Record no. 26913)

MARC details
000 -LEADER
fixed length control field 00392nam a22001697a 4500
003 - CONTROL NUMBER IDENTIFIER
control field SGT
020 ## - INTERNATIONAL STANDARD BOOK NUMBER
International Standard Book Number 978113809888
082 ## - DEWEY DECIMAL CLASSIFICATION NUMBER
Classification number 615.19
Item number P23N
100 ## - MAIN ENTRY--PERSONAL NAME
Personal name NORMAN, SIR. RICHARD.
245 ## - TITLE STATEMENT
Title PRINCIPLES OF ORGANIC SYNTHESIS
250 ## - EDITION STATEMENT
Edition statement 3RD
260 ## - PUBLICATION, DISTRIBUTION, ETC. (IMPRINT)
Place of publication, distribution, etc NEW YORK
Name of publisher, distributor, etc CRC PRESS
Year of Publication 2023
300 ## - PAGE DESCRIPTION
No. of Pages 811
650 ## - SUBJECT ADDED ENTRY--TOPICAL TERM
Topical term or geographic name as entry element PHARMACY
653 ## - KEYWORDS--INDEX TERM
Keyword term ORGANIC , SYNTHESIS, PHARMACY
942 ## - ADDED ENTRY ELEMENTS (KOHA)
Source of classification or shelving scheme Dewey Decimal Classification
Koha item type Books
Holdings
Withdrawn status Lost status Source of classification or shelving scheme Damaged status Use restrictions Not for loan Collection code Home library Current library Shelving location Date acquired Vendor Name Cost, normal purchase price SGTU Bill Number Full call number Accession No. (Barcode) Date last seen Bill Date Koha item type Total Checkouts
    Dewey Decimal Classification   Restricted Access   PHARMACY SGT FA-FP Library SGT FA-FP Library Reference Book 21/09/2024 AHUJA PUB. 1595.00 SGTU 19381 615.19 P23N FP4883 21/09/2024 13/08/2024 Books  
    Dewey Decimal Classification       PHARMACY SGT FA-FP Library SGT FA-FP Library Text Book 21/09/2024 AHUJA PUB. 1595.00 SGTU 19381 615.19 P23N FP4884 21/09/2024 13/08/2024 Books  
    Dewey Decimal Classification       PHARMACY SGT FA-FP Library SGT FA-FP Library Text Book 21/09/2024 AHUJA PUB. 1595.00 SGTU 19381 615.19 P23N FP4885 21/09/2024 13/08/2024 Books